Telenor <the> annual report 2002

Enregistré dans:
Détails bibliographiques
Format: Livre
Langue:anglais
Publié: Fornebu Telenor ASA 2002
Sujets:
Tags: Ajouter un tag
Pas de tags, Soyez le premier à ajouter un tag!

MARC

LEADER 00000nam$a2200000$$$4500
001 0024171
005 20240108123815.9
041 0 |a eng 
044 |a NO 
245 1 0 |a Telenor  |b <the> annual report 2002 
264 1 |a Fornebu  |b Telenor ASA  |c 2002 
300 |a 136 s. 
610 2 0 |a telekomunikácie 
610 2 0 |a operátori 
610 2 0 |a internacionalizácia 
610 2 0 |a vývoj 
610 2 0 |a účtovníctvo finančné 
610 2 0 |a akcionári 
610 2 0 |a Nórsko